00000000nas##2200000za#4500
0019.510207
003CaOODSP
00520210305164241
007ta
008150406c1991||||xxc|| p #||||f|   |0fre|d
040 |aCaOODSP|bfre
041 |aeng
041 |afre
043 |an-cn---
0861 |aXC36-343/1
1101 |aCanada.|bChambre des communes. |bComité permanent du travail, de l'emploi et de l'immigration.
24510|aComité permanent du travail, de l'emploi et de l'immigration, procès-verbaux et témoignages / |cPrésident: M. Robert Wenman.
260 |bChambre des communes.
310 |aIrrégulier
3621 |a3e session, 34e législature, 40-42 Élizabeth II, 1991-1993
546 |aBilingue
791 |tStanding Committee on Labour, Employment and Immigration, minutes of proceedings and evidence / |eeng|w(CaOODSP)9.510206